[Event "Ruhrgebiet Regionalliga 0708"]
[Site "Germany"]
[Date "2007.12.16"]
[Round "4.2"]
[White "Dahm, Jochen"]
[Black "Naiditsch, Irina"]
[Result "0-1"]
[WhiteElo "2272"]
[BlackElo "2209"]
[PlyCount "78"]
[EventDate "2007.09.16"]
[EventType "team"]
[EventRounds "9"]
[EventCountry "GER"]
[SourceTitle "EXT 2009"]
[Source "ChessBase"]
[SourceDate "2008.11.26"]
[SourceVersion "1"]
[SourceVersionDate "2008.11.26"]
[SourceQuality "1"]
[WhiteTeam "Bochum 31 II"]
[BlackTeam "Brackel"]
[WhiteTeamCountry "GER"]
[BlackTeamCountry "GER"]

1. e4 c5 2. Nf3 d6 3. d4 cxd4 4. Nxd4 Nf6 5. Nc3 a6 6. Be3 e6 7. g4 Qc7 8. g5 Nfd7 9. h4 b5 10. h5 b4 11. Nce2 Bb7 12. Bg2 Nc5 13. Ng3 Nbd7 14. Qe2 Nb6 15. g6 hxg6 16. hxg6 Rxh1+ 17. Bxh1 fxg6 18. Qg4 Qf7 19. Nxe6 Bc8 20. e5 Bxe6 21. Bc6+ Nbd7 22. Qxb4 Rc8 23. Ba4 Nxa4 24. Qxa4 Rc4 25. Qxa6 Nxe5 26. 0-0-0 Qc7 27. Rd2 Be7 28. Ne4 Bf5 29. Qa8+ Qc8 30. Qxc8+ Rxc8 31. Nc3 Nc4 32. Re2 Nxe3 33. Rxe3 Kf7 34. Re2 Rh8 35. Nd5 Bg5+ 36. f4 Bf6 37. c3 Be6 38. Nxf6 gxf6 39. b3 g5 0-1

[Event "Dortmund op-A"]
[Site "Dortmund"]
[Date "2005.07.09"]
[Round "2"]
[White "Tochtrop, Lothar"]
[Black "Naiditsch, Irina"]
[Result "0-1"]
[WhiteElo "1876"]
[BlackElo "2141"]
[PlyCount "48"]
[EventDate "2005.07.08"]
[EventType "swiss"]
[EventRounds "9"]
[EventCountry "GER"]
[SourceTitle "CBM 107 Extra"]
[Source "ChessBase"]
[SourceDate "2005.09.01"]
[SourceVersion "1"]
[SourceVersionDate "2005.09.01"]
[SourceQuality "1"]

1. e4 c5 2. Nf3 e6 3. d4 cxd4 4. Nxd4 Nf6 5. Nc3 d6 6. Bc4 a6 7. Be3 b5 8. Bd3 Bb7 9. a3 Be7 10. Qe2 Nbd7 11. f4 Nc5 12. e5 dxe5 13. fxe5 Nfd7 14. Bf4 Bh4+ 15. Bg3 Qg5 16. Ne4 Nxe4 17. Bxe4 Bxg3+ 18. hxg3 Qxg3+ 19. Kf1 Qf4+ 20. Bf3 Nxe5 21. Nxe6 fxe6 22. Re1 Bxf3 23. Qxe5 Qxe5 24. Rxe5 Bd5 0-1

[Event "BL 0405 (Women)"]
[Site "Germany"]
[Date "2005.04.23"]
[Round "10.2"]
[White "Naiditsch, Irina"]
[Black "Rudolph, Anna"]
[Result "1/2-1/2"]
[WhiteElo "2153"]
[BlackElo "2237"]
[PlyCount "85"]
[EventDate "2004.11.06"]
[EventType "team-tourn"]
[EventRounds "11"]
[EventCountry "GER"]
[SourceTitle "EXT 2006"]
[Source "ChessBase"]
[SourceDate "2005.11.24"]
[SourceVersion "1"]
[SourceVersionDate "2005.11.24"]
[SourceQuality "1"]
[WhiteTeam "Holsterhausen (W)"]
[BlackTeam "Karlsruhe (W)"]
[WhiteTeamCountry "GER"]
[BlackTeamCountry "GER"]

1. e4 c5 2. c3 d5 3. exd5 Qxd5 4. d4 e6 5. Na3 Nf6 6. Nb5 Qd8 7. dxc5 Bxc5 8. Qxd8+ Kxd8 9. b4 Bb6 10. Bf4 Nd5 11. Rd1 Nd7 12. Bg3 a6 13. Nd6 Ke7 14. c4 N5f6 15. c5 Ba7 16. Nf3 h6 17. Bc4 Nh5 18. Nxc8+ Rhxc8 19. Bd6+ Ke8 20. 0-0 Bb8 21. Bb3 Bxd6 22. Rxd6 Ke7 23. Rfd1 Rc7 24. Nd2 Nf4 25. g3 Ne2+ 26. Kf1 Nc3 27. Re1 Nf6 28. Re3 Nb5 29. Nc4 Rd8 30. Rxd8 Kxd8 31. a4 Na7 32. Rd3+ Ke7 33. Na5 Nc6 34. Nxc6+ Rxc6 35. Bd1 a5 36. Bf3 Nd5 37. Bxd5 exd5 38. Rxd5 axb4 39. Rd4 b6 40. cxb6 Rxb6 41. a5 Rb5 42. a6 Ra5 43. Rxb4 1/2-1/2

[Event "BL 0405 (Women)"]
[Site "Germany"]
[Date "2005.03.20"]
[Round "9.3"]
[White "Naiditsch, Irina"]
[Black "Lakos, Nikoletta"]
[Result "1/2-1/2"]
[WhiteElo "2153"]
[BlackElo "2350"]
[PlyCount "58"]
[EventDate "2004.11.06"]
[EventType "team-tourn"]
[EventRounds "11"]
[EventCountry "GER"]
[SourceTitle "EXT 2006"]
[Source "ChessBase"]
[SourceDate "2005.11.24"]
[SourceVersion "1"]
[SourceVersionDate "2005.11.24"]
[SourceQuality "1"]
[WhiteTeam "Holsterhausen (W)"]
[BlackTeam "Halle (W)"]
[WhiteTeamCountry "GER"]
[BlackTeamCountry "GER"]

1. e4 d6 2. d4 e5 3. Nf3 exd4 4. Nxd4 Nf6 5. Nc3 Be7 6. h3 0-0 7. Be3 Re8 8. Bd3 Bf8 9. 0-0 a6 10. a4 c5 11. Nf3 h6 12. Bf4 Be6 13. Re1 Nc6 14. Bf1 Nb4 15. Bh2 Qd7 16. Qd2 Rad8 17. Rad1 Qc8 18. Qc1 Qc6 19. b3 d5 20. Ne5 Qc8 21. exd5 Nbxd5 22. Nxd5 Nxd5 23. Bc4 Nb4 24. Bxe6 Rxe6 25. c3 Nc6 26. Nc4 Rxe1+ 27. Rxe1 b5 28. axb5 axb5 29. Ne3 Bd6 1/2-1/2

[Event "BL 0405 (Women)"]
[Site "Germany"]
[Date "2005.02.20"]
[Round "7.4"]
[White "Naiditsch, Irina"]
[Black "Juergens, Vera"]
[Result "0-1"]
[WhiteElo "2153"]
[BlackElo "2289"]
[PlyCount "108"]
[EventDate "2004.11.06"]
[EventType "team-tourn"]
[EventRounds "11"]
[EventCountry "GER"]
[SourceTitle "EXT 2006"]
[Source "ChessBase"]
[SourceDate "2005.11.24"]
[SourceVersion "1"]
[SourceVersionDate "2005.11.24"]
[SourceQuality "1"]
[WhiteTeam "Holsterhausen (W)"]
[BlackTeam "Hamburg (W)"]
[WhiteTeamCountry "GER"]
[BlackTeamCountry "GER"]

1. e4 e5 2. Nf3 d6 3. d4 Nd7 4. Nc3 c6 5. a4 Ngf6 6. Bc4 Be7 7. 0-0 0-0 8. Re1 b6 9. b3 Bb7 10. d5 Rc8 11. dxc6 Bxc6 12. Ba3 Qc7 13. Nb5 Bxb5 14. axb5 Nc5 15. Nd2 Rfd8 16. Bb2 Qb7 17. f3 Bf8 18. Qc1 g6 19. Nf1 Ne6 20. Ne3 Bh6 21. Qb1 Nf4 22. Qa2 Rd7 23. g3 Nh3+ 24. Kg2 Ng5 25. Qa6 Nxf3 26. Rf1 Qxa6 27. Rxa6 Nd2 28. Rxf6 Bxe3 29. Bd3 Kg7 30. Rf2 Bxf2 31. Kxf2 f5 32. exf5 gxf5 33. Bxf5 Rf7 34. Rxa7 Rxa7 35. Bxc8 Ra2 36. Ke2 Ne4 37. Bf5 Nxg3+ 38. hxg3 Rxb2 39. Kd3 h6 40. Be4 Kf6 41. Kc4 Ke6 42. g4 Kd7 43. Bf5+ Kc7 44. Kd5 Rb1 45. Ke4 Rf1 46. Be6 Rf4+ 47. Ke3 d5 48. Bxd5 Rxg4 49. Bf3 Rg5 50. c4 Kd6 51. b4 h5 52. Kf2 h4 53. Bg2 Rxg2+ 54. Kxg2 e4 0-1

[Event "NRW Class1 0405"]
[Site "Germany"]
[Date "2005.01.30"]
[Round "6.5"]
[White "Naiditsch, Irina"]
[Black "Thiel, Kuno"]
[Result "1-0"]
[WhiteElo "2141"]
[BlackElo "2284"]
[PlyCount "68"]
[EventDate "2004.10.10"]
[EventType "team"]
[EventRounds "9"]
[EventCountry "GER"]
[SourceTitle "EXT 2006"]
[Source "ChessBase"]
[SourceDate "2005.11.24"]
[SourceVersion "1"]
[SourceVersionDate "2005.11.24"]
[SourceQuality "1"]
[WhiteTeam "Brackel"]
[BlackTeam "Betzdorf Kirchen"]
[WhiteTeamCountry "GER"]
[BlackTeamCountry "GER"]

1. e4 Nf6 2. e5 Nd5 3. d4 d6 4. c4 Nb6 5. exd6 exd6 6. Nc3 Be7 7. Nf3 0-0 8. Be3 Bg4 9. b3 Bf6 10. Rc1 c6 11. Be2 d5 12. c5 N6d7 13. 0-0 Re8 14. b4 Nf8 15. b5 Ne6 16. Qa4 g6 17. h3 Bxf3 18. Bxf3 Bg7 19. Rfd1 f5 20. Ne2 g5 21. Rb1 Nc7 22. Nc3 h6 23. bxc6 bxc6 24. Rb7 a6 25. Rdb1 Kh8 26. Bh5 Re7 27. Qa5 f4 28. Bd2 Bxd4 29. Qb6 Bf6 30. Rxb8 Rxb8 31. Qxb8 Qxb8 32. Rxb8+ Kg7 33. Rb6 d4 34. Nd1 Nd5 1-0

[Event "NRW Class1 0405"]
[Site "Germany"]
[Date "2004.12.12"]
[Round "4.5"]
[White "Naiditsch, Irina"]
[Black "Silbermann, Frank"]
[Result "1-0"]
[WhiteElo "2141"]
[BlackElo "2148"]
[PlyCount "79"]
[EventDate "2004.10.10"]
[EventType "team"]
[EventRounds "9"]
[EventCountry "GER"]
[SourceTitle "EXT 2006"]
[Source "ChessBase"]
[SourceDate "2005.11.24"]
[SourceVersion "1"]
[SourceVersionDate "2005.11.24"]
[SourceQuality "1"]
[WhiteTeam "Brackel"]
[BlackTeam "Koeln Brueck"]
[WhiteTeamCountry "GER"]
[BlackTeamCountry "GER"]

1. e4 d5 2. exd5 Nf6 3. c4 c6 4. d4 cxd5 5. Nc3 g6 6. Qb3 Bg7 7. cxd5 0-0 8. Be2 Nbd7 9. Bf3 Nb6 10. Bf4 Bg4 11. Bxg4 Nxg4 12. Nf3 Nf6 13. d6 exd6 14. 0-0 Nh5 15. Bg5 Bf6 16. Bxf6 Nxf6 17. a4 Rb8 18. a5 Na8 19. Rfe1 Nc7 20. h3 Qd7 21. Re2 Ne6 22. Rae1 Rfe8 23. Qb4 Qc6 24. Qb3 Nf4 25. Rxe8+ Rxe8 26. Rxe8+ Nxe8 27. d5 Qd7 28. Nd4 Qe7 29. Qd1 Nf6 30. Nf3 Ne4 31. Qe1 f5 32. Qe3 g5 33. Nd2 Qe5 34. Ndxe4 fxe4 35. Qxe4 Qxe4 36. Nxe4 Nxd5 37. Nxd6 b6 38. axb6 Nxb6 39. Kf1 Na4 40. b4 1-0

[Event "BL 0405 (Women)"]
[Site "Germany"]
[Date "2004.11.07"]
[Round "2.4"]
[White "Naiditsch, Irina"]
[Black "Schoene, Maria"]
[Result "1-0"]
[WhiteElo "2153"]
[BlackElo "2074"]
[PlyCount "65"]
[EventDate "2004.11.06"]
[EventType "team-tourn"]
[EventRounds "11"]
[EventCountry "GER"]
[SourceTitle "EXT 2006"]
[Source "ChessBase"]
[SourceDate "2005.11.24"]
[SourceVersion "1"]
[SourceVersionDate "2005.11.24"]
[SourceQuality "1"]
[WhiteTeam "Holsterhausen (W)"]
[BlackTeam "Dresden SC (W)"]
[WhiteTeamCountry "GER"]
[BlackTeamCountry "GER"]

1. e4 d6 2. d4 Nf6 3. Nc3 g6 4. Be3 Bg7 5. Qd2 c6 6. Nf3 b5 7. Bd3 Bb7 8. Bh6 Bxh6 9. Qxh6 Qa5 10. 0-0 b4 11. Ne2 Nbd7 12. a3 b3 13. cxb3 0-0-0 14. b4 Qb6 15. Qd2 c5 16. bxc5 dxc5 17. d5 e6 18. b4 exd5 19. bxc5 Nxc5 20. Rab1 Nfxe4 21. Qc2 Qc7 22. Rfc1 Kb8 23. Nfd4 Rc8 24. Bxe4 dxe4 25. Qb2 Qd7 26. Nc6+ Rxc6 27. Qxh8+ Qc8 28. Qe5+ Ka8 29. Nd4 Nd3 30. Rxc6 Bxc6 31. Qa5 Bb7 32. Nb5 a6 33. Nc7+ 1-0

[Event "BL 0405 (Women)"]
[Site "Germany"]
[Date "2004.11.06"]
[Round "1.4"]
[White "Steinbacher, Claudia"]
[Black "Naiditsch, Irina"]
[Result "0-1"]
[WhiteElo "2196"]
[BlackElo "2153"]
[PlyCount "68"]
[EventDate "2004.11.06"]
[EventType "team-tourn"]
[EventRounds "11"]
[EventCountry "GER"]
[SourceTitle "EXT 2006"]
[Source "ChessBase"]
[SourceDate "2005.11.24"]
[SourceVersion "1"]
[SourceVersionDate "2005.11.24"]
[SourceQuality "1"]
[WhiteTeam "Rodewisch (W)"]
[BlackTeam "Holsterhausen (W)"]
[WhiteTeamCountry "GER"]
[BlackTeamCountry "GER"]

1. d4 d5 2. c4 c6 3. Nc3 e5 4. dxe5 d4 5. Ne4 Qa5+ 6. Nd2 Nh6 7. Ngf3 Nf5 8. Qb3 h5 9. g3 Nd7 10. e6 fxe6 11. h4 e5 12. Qc2 Nf6 13. Bg2 e4 14. Ng5 e3 15. fxe3 dxe3 16. 0-0 exd2 17. Bxd2 Qc5+ 18. e3 Be7 19. Rae1 Bd7 20. b4 Qe5 21. Bc3 Qxg3 22. Rxf5 Ng4 23. Rf3 Qh2+ 24. Kf1 0-0-0 25. Qe4 Qxh4 26. Qxe7 Nh2+ 27. Kg1 Nxf3+ 28. Bxf3 Rde8 29. Qc5 b6 30. Qd4 Qxg5+ 31. Kh2 Rhg8 32. Rd1 Re7 33. Bg2 Rf8 34. Rg1 Rxe3 0-1

[Event "Dortmund op-A"]
[Site "Dortmund"]
[Date "2004.07.28"]
[Round "6"]
[White "Naiditsch, Irina"]
[Black "Albers, Damian"]
[Result "1-0"]
[WhiteElo "2153"]
[BlackElo "1887"]
[PlyCount "47"]
[EventDate "2004.07.??"]
[EventType "swiss"]
[EventRounds "9"]
[EventCountry "GER"]
[SourceTitle "EXT 2006"]
[Source "ChessBase"]
[SourceDate "2005.11.24"]
[SourceVersion "1"]
[SourceVersionDate "2005.11.24"]
[SourceQuality "1"]

1. e4 Nc6 2. Nf3 Nf6 3. e5 Ng4 4. d4 d6 5. h3 Nh6 6. Bb5 a6 7. Bxc6+ bxc6 8. Nc3 g6 9. Bf4 Nf5 10. Qd2 h5 11. 0-0-0 Ng7 12. Kb1 Be6 13. Qe2 Qb8 14. a3 Qb6 15. Bc1 Rb8 16. Ng5 Qa5 17. Ka1 Rb4 18. Qf3 Rc4 19. b4 Qb6 20. Qd3 d5 21. Na4 Qa7 22. Nxe6 Nxe6 23. c3 a5 24. Nb2 1-0

[Event "Dortmund op-A"]
[Site "Dortmund"]
[Date "2004.07.27"]
[Round "5"]
[White "Thiel, Thomas"]
[Black "Naiditsch, Irina"]
[Result "1-0"]
[WhiteElo "2316"]
[BlackElo "2153"]
[PlyCount "85"]
[EventDate "2004.07.??"]
[EventType "swiss"]
[EventRounds "9"]
[EventCountry "GER"]
[SourceTitle "EXT 2006"]
[Source "ChessBase"]
[SourceDate "2005.11.24"]
[SourceVersion "1"]
[SourceVersionDate "2005.11.24"]
[SourceQuality "1"]

1. e4 c5 2. Nc3 e6 3. Nf3 a6 4. g3 b5 5. d4 cxd4 6. Nxd4 Bb7 7. Bg2 Nf6 8. 0-0 b4 9. Na4 Bxe4 10. Bxe4 Nxe4 11. Re1 d5 12. Nxe6 fxe6 13. Qh5+ g6 14. Qe5 Qf6 15. Rxe4 Qxe5 16. Rxe5 Kf7 17. Re3 Nd7 18. Rf3+ Kg7 19. b3 Be7 20. Bb2+ Bf6 21. Bxf6+ Nxf6 22. a3 bxa3 23. Nc5 Rhe8 24. b4 Ne4 25. Nxe4 dxe4 26. Rfxa3 Rac8 27. R1a2 Rc4 28. Rxa6 Rxb4 29. Ra7+ Kf6 30. Rc7 h6 31. Kg2 Rd8 32. c3 Rb1 33. Re2 Rd6 34. Rxe4 g5 35. h4 Rb2 36. Re3 g4 37. Rc4 h5 38. Rf4+ Kg6 39. Re5 Rd1 40. Rg5+ Kh6 41. Rf6+ Kh7 42. Rxh5+ Kg7 43. Rf4 1-0

[Event "NRW Class2 0304"]
[Site "Germany"]
[Date "2003.11.09"]
[Round "3.5"]
[White "Naiditsch, Irina"]
[Black "Heedt, Thorsten"]
[Result "1-0"]
[WhiteElo "2114"]
[BlackElo "2254"]
[PlyCount "65"]
[EventDate "2003.09.28"]
[EventType "team"]
[EventRounds "9"]
[EventCountry "GER"]
[SourceTitle "CBM 098 Extra"]
[Source "ChessBase"]
[SourceDate "2004.03.10"]
[SourceVersion "2"]
[SourceVersionDate "2004.03.10"]
[SourceQuality "1"]
[WhiteTeam "Brackel"]
[BlackTeam "Koeln Porz III"]
[WhiteTeamCountry "GER"]
[BlackTeamCountry "GER"]

1. e4 g6 2. d4 Bg7 3. Nf3 d6 4. Nc3 c6 5. Be3 b5 6. Bd3 Nf6 7. Qd2 Ng4 8. Bg5 h6 9. Bh4 a6 10. h3 Nf6 11. e5 Nd5 12. Nxd5 cxd5 13. Bg3 Nc6 14. exd6 0-0 15. 0-0 exd6 16. c3 Ra7 17. a4 b4 18. cxb4 Nxd4 19. Nxd4 Bxd4 20. Bxg6 Qf6 21. Bc2 Bxb2 22. Rab1 Be5 23. Rb3 Kh8 24. Rf3 Qg5 25. Qd3 f6 26. Bxe5 Qxe5 27. Re3 Qh5 28. Rfe1 Qf7 29. Qd4 Rc7 30. Bd3 Rg8 31. Qh4 h5 32. Qf4 Qg7 33. Rg3 1-0

[Event "NRW Class2 0304"]
[Site "Germany"]
[Date "2003.10.12"]
[Round "2.5"]
[White "Reitz, Robert"]
[Black "Naiditsch, Irina"]
[Result "0-1"]
[WhiteElo "1999"]
[BlackElo "2114"]
[PlyCount "80"]
[EventDate "2003.09.28"]
[EventType "team"]
[EventRounds "9"]
[EventCountry "GER"]
[SourceTitle "CBM 098 Extra"]
[Source "ChessBase"]
[SourceDate "2004.03.10"]
[SourceVersion "2"]
[SourceVersionDate "2004.03.10"]
[SourceQuality "1"]
[WhiteTeam "Hagen"]
[BlackTeam "Brackel"]
[WhiteTeamCountry "GER"]
[BlackTeamCountry "GER"]

1. e4 c5 2. c3 e6 3. d4 d5 4. e5 Nc6 5. Nf3 Qb6 6. a3 c4 7. Nbd2 Na5 8. b4 cxb3 9. Bb2 Bd7 10. c4 Ne7 11. c5 Qc7 12. Bd3 Ba4 13. 0-0 h6 14. Rc1 0-0-0 15. Qe2 g5 16. Bb5 Bxb5 17. Qxb5 Nec6 18. Bc3 g4 19. Ne1 h5 20. Nd3 Bh6 21. Rfd1 Nc4 22. Nxb3 Bxc1 23. Rxc1 h4 24. Nb2 Nxb2 25. Bxb2 g3 26. fxg3 hxg3 27. h3 f6 28. exf6 Qf4 29. Qe2 Qxf6 30. Rf1 Qg6 31. Nd2 Rdf8 32. Nf3 Rf4 33. Re1 Re4 34. Qd1 Rf8 35. Rf1 Re3 36. a4 Qe4 37. a5 Re2 38. Bc3 Qe3+ 39. Kh1 Rf2 40. Ba1 R8xf3 0-1

[Event "Dortmund op-A"]
[Site "Dortmund"]
[Date "2003.08.10"]
[Round "9"]
[White "Beutelhoff, Josef"]
[Black "Naiditsch, Irina"]
[Result "1-0"]
[WhiteElo "2174"]
[BlackElo "2114"]
[PlyCount "83"]
[EventDate "2003.08.01"]
[EventType "swiss"]
[EventRounds "9"]
[EventCountry "GER"]
[SourceTitle "CBM 095 Extra"]
[Source "ChessBase"]
[SourceDate "2003.09.04"]
[SourceVersion "1"]
[SourceVersionDate "2003.09.04"]
[SourceQuality "1"]

1. d4 d5 2. c4 c6 3. e3 Nf6 4. Nc3 g6 5. Nf3 Bg7 6. Bd3 0-0 7. 0-0 Bg4 8. h3 Bxf3 9. Qxf3 Qd6 10. cxd5 cxd5 11. Nb5 Qd7 12. b3 Nc6 13. Bb2 Rfe8 14. Rfd1 a6 15. Nc3 e5 16. dxe5 Nxe5 17. Qe2 b5 18. Qd2 Qb7 19. Bf1 Rad8 20. a4 b4 21. Na2 a5 22. Bb5 Re7 23. Rac1 Qb8 24. Bd4 Ne4 25. Qb2 f6 26. Rc2 Rc7 27. Rxc7 Qxc7 28. Rc1 Qb8 29. g4 Nf7 30. Rc6 Rc8 31. Qc2 Nfd6 32. Rxc8+ Qxc8 33. Qxc8+ Nxc8 34. Bd7 Ne7 35. Bb6 Kf7 36. Bxa5 Nc5 37. Bb5 Nxb3 38. Bxb4 Nc8 39. Nc3 Ke6 40. e4 d4 41. Bc4+ Kd7 42. Bxb3 1-0

[Event "Dortmund op-A"]
[Site "Dortmund"]
[Date "2003.08.07"]
[Round "6"]
[White "Naiditsch, Irina"]
[Black "Heck, Norbert"]
[Result "1/2-1/2"]
[WhiteElo "2114"]
[BlackElo "2271"]
[PlyCount "120"]
[EventDate "2003.08.01"]
[EventType "swiss"]
[EventRounds "9"]
[EventCountry "GER"]
[SourceTitle "CBM 095 Extra"]
[Source "ChessBase"]
[SourceDate "2003.09.04"]
[SourceVersion "1"]
[SourceVersionDate "2003.09.04"]
[SourceQuality "1"]

1. e4 g6 2. d4 Bg7 3. Nf3 d6 4. Nc3 Nf6 5. Be3 0-0 6. Qd2 Bg4 7. Ng5 Nc6 8. d5 Nb8 9. f3 Bc8 10. h4 h6 11. Nh3 Bxh3 12. Rxh3 h5 13. Bh6 Nbd7 14. g4 Bxh6 15. Qxh6 hxg4 16. fxg4 Nxg4 17. Qf4 Nde5 18. h5 Kg7 19. Be2 Nf6 20. hxg6 fxg6 21. Nb5 c5 22. dxc6 bxc6 23. Nd4 Qd7 24. Qh6+ Kf7 25. Nf3 Nxf3+ 26. Rxf3 Rh8 27. Qg5 Rh1+ 28. Bf1 Qe6 29. 0-0-0 Kg7 30. Qg2 Rah8 31. Bd3 Rxd1+ 32. Kxd1 Qg4 33. Qxg4 Nxg4 34. Be2 Rh2 35. Kd2 Ne5 36. Rb3 Kf6 37. Rb7 a5 38. b4 a4 39. Ra7 a3 40. Ke1 Rh3 41. c4 Nd3+ 42. Bxd3 Rxd3 43. b5 cxb5 44. cxb5 Rd4 45. Rxa3 Rxe4+ 46. Kd2 Rb4 47. Ra5 Ke6 48. Kc3 Rb1 49. a4 Kd5 50. Ra7 e5 51. Rg7 Kc5 52. Rxg6 Rh1 53. Kb3 Rh3+ 54. Kb2 e4 55. b6 Kxb6 56. Rxd6+ Kc5 57. Rd8 Kc4 58. Kc2 Rh2+ 59. Rd2 Rh1 60. Rd1 Rh3 1/2-1/2

[Event "Dortmund op-A"]
[Site "Dortmund"]
[Date "2003.08.03"]
[Round "3"]
[White "Dahmen, Christoph"]
[Black "Naiditsch, Irina"]
[Result "1-0"]
[WhiteElo "1986"]
[BlackElo "2114"]
[PlyCount "99"]
[EventDate "2003.08.01"]
[EventType "swiss"]
[EventRounds "9"]
[EventCountry "GER"]
[SourceTitle "CBM 095 Extra"]
[Source "ChessBase"]
[SourceDate "2003.09.04"]
[SourceVersion "1"]
[SourceVersionDate "2003.09.04"]
[SourceQuality "1"]

1. d4 d5 2. c4 c6 3. Nf3 Nf6 4. Nc3 e6 5. Bg5 h6 6. Bh4 dxc4 7. a4 Bb4 8. e3 g5 9. Bg3 Nd5 10. Qc2 Qa5 11. Rc1 b5 12. Nd2 Nd7 13. Be2 a6 14. 0-0 0-0 15. e4 Ne7 16. b3 Bxc3 17. Qxc3 Qxc3 18. Rxc3 cxb3 19. Nxb3 e5 20. dxe5 Re8 21. e6 fxe6 22. Bh5 Bb7 23. Bxe8 Rxe8 24. axb5 axb5 25. Rd1 Nb6 26. Nc5 Na4 27. Nxa4 bxa4 28. Ra3 c5 29. Rxa4 Nc6 30. f3 Nd4 31. Be5 Nc6 32. Bc3 Nb8 33. Ra7 Ba6 34. Rg7+ Kf8 35. Rh7 g4 36. Bg7+ Kg8 37. Rh8+ Kf7 38. Rxe8 Kxe8 39. Ra1 Kf7 40. Bxh6 Be2 41. fxg4 Bxg4 42. Rc1 Nd7 43. Be3 Kf6 44. Bxc5 Ke5 45. Be7 Kxe4 46. h3 Be2 47. Re1 Ke3 48. Bg5+ Kd3 49. Kf2 Bh5 50. g4 1-0

[Event "Dortmund op-A"]
[Site "Dortmund"]
[Date "2003.08.01"]
[Round "1"]
[White "Strathoff, Martin"]
[Black "Naiditsch, Irina"]
[Result "1-0"]
[WhiteElo "1866"]
[BlackElo "2114"]
[PlyCount "177"]
[EventDate "2003.08.01"]
[EventType "swiss"]
[EventRounds "9"]
[EventCountry "GER"]
[SourceTitle "CBM 095 Extra"]
[Source "ChessBase"]
[SourceDate "2003.09.04"]
[SourceVersion "1"]
[SourceVersionDate "2003.09.04"]
[SourceQuality "1"]

1. d4 d5 2. c4 c6 3. Nc3 e5 4. dxe5 d4 5. Ne4 Qa5+ 6. Nd2 Nh6 7. Ngf3 Nf5 8. g4 Ne3 9. fxe3 dxe3 10. Qb3 Bc5 11. Kd1 exd2 12. Bxd2 Qc7 13. h3 0-0 14. Kc2 Be6 15. Rd1 b5 16. e4 Nd7 17. Bc3 bxc4 18. Bxc4 Rab8 19. Qa4 Nb6 20. Ba5 Bxc4 21. Qxc4 Nxc4 22. Bxc7 Rb7 23. Rd7 Bb6 24. Kc3 Ne3 25. Bxb6 Rxd7 26. Bxe3 Rfd8 27. Nd4 c5 28. Nc2 Re8 29. Bf4 f6 30. exf6 Rxe4 31. Bg5 h6 32. Be3 gxf6 33. Bxc5 Rc7 34. b4 Re2 35. Rf1 Kf7 36. Rf3 Kg6 37. a4 a5 38. Nd4 axb4+ 39. Kxb4 Rb7+ 40. Kc4 Ra2 41. Ra3 Rxa3 42. Bxa3 h5 43. a5 hxg4 44. hxg4 Kg5 45. Bc5 Kxg4 46. a6 Rb8 47. Nc6 Ra8 48. Na7 f5 49. Kb5 f4 50. Kb6 Rb8+ 51. Kc7 Rb1 52. Nc6 f3 53. a7 Ra1 54. Ne5+ Kg3 55. Nd3 f2 56. Bxf2+ Kf3 57. Bb6 Rxa7+ 58. Bxa7 Ke4 59. Nc5+ Kd5 60. Kd7 Ke5 61. Kc6 Kd4 62. Bb8 Ke3 63. Kd5 Kf3 64. Nb3 Ke3 65. Na5 Kf3 66. Nc4 Kf2 67. Ke4 Kg2 68. Ke3 Kg1 69. Nd2 Kg2 70. Be5 Kg1 71. Kf3 Kh1 72. Ne4 Kg1 73. Nf2 Kf1 74. Bh2 Ke1 75. Ne4 Kf1 76. Nd2+ Ke1 77. Ke3 Kd1 78. Kd3 Ke1 79. Bg3+ Kd1 80. Bh4 Kc1 81. Nc4 Kd1 82. Nb2+ Kc1 83. Kc3 Kb1 84. Kb3 Kc1 85. Bg5+ Kb1 86. Nc4 Ka1 87. Bc1 Kb1 88. Ba3 Ka1 89. Bb2+ 1-0

[Event "GER-chT U20 Girls"]
[Site "Meppen"]
[Date "2002.12.28"]
[Round "4.1"]
[White "Kind, Veronika"]
[Black "Naiditsch, Irina"]
[Result "1/2-1/2"]
[WhiteElo "1734"]
[BlackElo "2102"]
[PlyCount "81"]
[EventDate "2002.12.27"]
[EventType "team"]
[EventRounds "7"]
[EventCountry "GER"]
[SourceTitle "CBM 092 Extra"]
[Source "ChessBase"]
[SourceDate "2003.03.07"]
[SourceVersion "1"]
[SourceVersionDate "2003.03.07"]
[SourceQuality "1"]

1. e4 c5 2. Nf3 d6 3. d4 cxd4 4. Nxd4 Nf6 5. Nc3 a6 6. Be2 e6 7. 0-0 Be7 8. Be3 0-0 9. Kh1 Qc7 10. f4 Nc6 11. Qe1 Na5 12. Qg3 Nc4 13. Bc1 Kh8 14. Bf3 Bd7 15. Re1 Ne8 16. Be2 b5 17. a3 Rc8 18. Bd3 Bf6 19. Nf3 g6 20. Ng5 Ng7 21. Qh4 Bxg5 22. Qxg5 Qd8 23. Qxd8 Rfxd8 24. b3 Na5 25. Bb2 Kg8 26. Ne2 Ne8 27. Rad1 Nc6 28. Nd4 Ne7 29. Nf3 Bc6 30. Bd4 Rb8 31. Bc3 Ba8 32. Rd2 d5 33. e5 Rdc8 34. Bb2 Nc6 35. Nd4 Nxd4 36. Bxd4 a5 37. Kg1 Nc7 38. Rb1 Bc6 39. Rf2 Bd7 40. Rff1 Na6 41. b4 1/2-1/2

[Event "Oberliga NRW 0102 II"]
[Site "Germany"]
[Date "2001.10.21"]
[Round "2.6"]
[White "Wicht, Juergen"]
[Black "Naiditsch, Irina"]
[Result "1-0"]
[WhiteElo "2197"]
[BlackElo "2081"]
[PlyCount "55"]
[EventDate "2001.10.??"]
[EventType "team"]
[EventRounds "9"]
[EventCountry "GER"]
[SourceTitle "EXT 2004"]
[Source "ChessBase"]
[SourceDate "2003.11.25"]
[SourceVersion "1"]
[SourceVersionDate "2003.11.25"]
[SourceQuality "1"]
[WhiteTeam "Gerresheim"]
[BlackTeam "Brackel"]
[WhiteTeamCountry "GER"]
[BlackTeamCountry "GER"]

1. d4 d5 2. c4 c6 3. g3 Nf6 4. Bg2 dxc4 5. Nf3 Bf5 6. Nbd2 Qa5 7. 0-0 c3 8. Nb3 cxb2 9. Nxa5 bxa1Q 10. Qb3 b6 11. Ng5 e6 12. Bb2 Qxf1+ 13. Kxf1 h6 14. Nxc6 hxg5 15. Ne5 Bh3 16. Bxh3 Rxh3 17. Qf3 Bd6 18. Qxa8 Nfd7 19. Nxd7 Kxd7 20. Qxa7+ Bc7 21. d5 Kd8 22. dxe6 fxe6 23. Kg2 Rh7 24. Qa3 Nd7 25. Qd3 Rh8 26. Bxg7 Rg8 27. Qh7 Re8 28. Qg6 1-0